00766nam a2200193Ia 4500001000700000003000500007005001700012008004100029010001100070040000900081100003500090245017100125260003300296440003500329650011000364650002100474650003500495650004200530Z_3878CHAP20241029062659.0220113s9999 xx 000 0 und d a166939 cCHAP1 aMuñoz Rodríguez, Manrrubio aEl tratado de libre comercio del América del Norte y lácteos /cpor Manrrubio Muñoz Rodríguez, Fernando Cervantes Escoto y José Guadalupe García Muñiz aChapingo, Méx. :b,c  aReporte de investigación. 50 aLechexAspectos económicos I. Cervantes Escoto, Fernando II. García Muñiz, José Guadalupe III. t. aLechexMercadeo  aPolítica lechera xMéxico  aTratado Trilateral de Libre Comercio